00559cam a22001813a 450000100060000000300060000600500170001200800410002904000150007004200070008510000540009224500810014626000290022750600300025651600200028683000290030685600420033541022PGUSA20140828083925.0121010s2012||||xxu|||||s|||||000 | eng d aPGUSAbeng adc1 aBlackmore, R. D.q(Richard Doddridge),d1825-190010aClara Vaughan, Volume III (of III)h[electronic resource] /cR. D. Blackmore bProject Gutenberg,c2012 aPublic domain in the USA. aElectronic text 0aProject Gutenbergv4102240uhttp://www.gutenberg.org/ebooks/41022